Normal view
MARC view
- Self-perception
Entry Topical Term
001 - CONTROL NUMBER
- control field: 11298
003 - CONTROL NUMBER IDENTIFIER
- control field: NUST
005 - DATE AND TIME OF LATEST TRANSACTION
- control field: 20180627095906.0
008 - FIXED-LENGTH DATA ELEMENTS
- fixed length control field: 180627|| aca||aabn | a|a d
040 ## - CATALOGING SOURCE
- Original cataloging agency: NUST
- Transcribing agency: NUST
150 ## - HEADING--TOPICAL TERM
- Topical term or geographic name entry element: Self-perception
- Form subdivision: Fiction.
670 ## - SOURCE DATA FOUND
- Source citation: Work cat.: (NUST)0: Hamid, Mohsin, 1971- 11295, The reluctant fundamentalist /, 2007.
